Primer estudio exploratorio de la campaña "Vapear no es un juego" (Record no. 14664)

MARC details
000 -LEADER
campo de control de longitud fija 01454nam a22001697a 4500
005 - FECHA Y HORA DE LA ÚLTIMA TRANSACCIÓN
campo de control 20260618093940.0
008 - DATOS DE LONGITUD FIJA--INFORMACIÓN GENERAL
campo de control de longitud fija 260618b |||||||| |||| 00| 0 spa d
040 ## - FUENTE DE CATALOGACIÓN
Centro catalogador/agencia de origen Instituto Dominicano de Evaluación e Investigación de la Calidad Educativa
Centro/agencia transcriptor IDEICE
245 ## - MENCIÓN DEL TÍTULO
Título Primer estudio exploratorio de la campaña "Vapear no es un juego"
Mención de responsabilidad, etc. IDEICE
260 ## - PUBLICACIÓN, DISTRIBUCIÓN, ETC.
Lugar de publicación, distribución, etc. Santo Domingo, República Dominicana
Nombre del editor, distribuidor, etc. IDEICE
Fecha de publicación, distribución, etc. 2026
300 ## - DESCRIPCIÓN FÍSICA
Dimensiones 24p
505 ## - NOTA DE CONTENIDO CON FORMATO
Nota de contenido con formato El presente estudio exploratorio surge en el marco de la campaña "Vapear no es jugar" del Consejo Nacional de Drogas, con el objetivo de comprender de manera preliminar los patrones de uso de los vapeos y los efectos socioculturales negativos asociados en República Dominicana. A partir del análisis de datos procedentes de distintas fuentes, se identificaron diferencias significativas en la frecuencia del vapeo, la presencia de conductas compulsivas y la aparición de consecuencias adversas para la salud (Abouzoor & Al-Hamdan, 2025). Factores como la regulación vigente, el antecedente de uso de tabaco y el género influyen de manera notable en estas variaciones, revelando que los riesgos pueden intensificarse según el entorno y las características personales.
650 ## - PUNTO DE ACCESO ADICIONAL DE MATERIA--TÉRMINO DE MATERIA
Término de materia o nombre geográfico como elemento de entrada Ciencias de la salud -- Investigaciones.
710 ## - ENTRADA AGREGADA--NOMBRE DE ENTIDAD CORPORATIVA
Nombre de entidad corporativa o nombre de jurisdicción como elemento de entrada IDEICE
856 ## - LOCALIZACIÓN Y ACCESO ELECTRÓNICOS
Identificador Uniforme de Recurso <a href="https://ideice.gob.do/documentacion/publicaciones-id-228-primer-estudio-exploratorio-de-la-campana-vapear-no-es-un-juego-">https://ideice.gob.do/documentacion/publicaciones-id-228-primer-estudio-exploratorio-de-la-campana-vapear-no-es-un-juego-</a>
942 ## - ELEMENTOS DE ENTRADA SECUNDARIOS (KOHA)
Fuente de la clasificación o esquema de estantería Clasificación Decimal Dewey
Tipo de ítem Koha Folletos
Suprimir en OPAC No
Holdings
Estatus retirado Estado de pérdida Fuente de la clasificación o esquema de estantería Estado de daño No para préstamo Biblioteca de origen Biblioteca actual Fecha de adquisición Total de préstamos Visto por última vez Identificador uniforme de recursos Precio de reemplazo Tipo de ítem Koha
    Clasificación Decimal Dewey     Repositorio IDEICE Repositorio IDEICE 18/06/2026   18/06/2026 https://ideice.gob.do/documentacion/publicaciones-id-228-primer-estudio-exploratorio-de-la-campana-vapear-no-es-un-juego- 18/06/2026 Folletos

© 2024. Todos los Derechos Reservados. Desarrollado por IDEICE